Khi nhà sàn ra phố /

সংরক্ষণ করুন:
গ্রন্থ-পঞ্জীর বিবরন
প্রধান লেখক: Nguyễn Quang.
বিন্যাস: প্রবন্ধ
ভাষা:Vietnamese
বিষয়গুলি:
ট্যাগগুলো: ট্যাগ যুক্ত করুন
কোনো ট্যাগ নেই, প্রথমজন হিসাবে ট্যাগ করুন!
Thư viện lưu trữ: Thư viện Trường Đại học Đà Lạt
LEADER 00780nam a2200289 4500
001 DLU100105201
005 ##20100324
040 # # |a DLU  |b vie 
041 # # |a vie 
044 # # |a vn 
100 # # |a Nguyễn Quang. 
245 # # |a Khi nhà sàn ra phố /  |c Nguyễn Quang. 
653 # # |a Đô thị  
653 # # |a Bảo tồn 
653 # # |a Kiến trúc truyền thống 
653 # # |a Nhà sàn 
653 # # |a Văn hóa dân tộc 
773 # # |t Văn nghệ dân tộc  |g Số12(160), 2008, tr. 5-6 
920 # # |a Phòng Tạp chí -- Trung tâm Thông tin - Thư viện Trường Đại học Đà Lạt 
994 # # |a DLU 
900 # # |a True 
911 # # |a Nguyễn Thị Linh Chi 
925 # # |a G 
926 # # |a A 
927 # # |a BB 
980 # # |a Thư viện Trường Đại học Đà Lạt